1682 1854 1836 1802 1292 1931 1755 1757 1083 1747 1065 1123 1177 1165 1839 1025 1943 1213 1536 1561 1331 1556 1540 1489 1919 1077 1145 1040 1828 1522 1740 1186 1427 1460 1414 1792 1512 1832 1660 1675 1556 1564 1953 1023 1811 1446 1094 1233 1031 1485 1715 1191 1625 1278 1343 1865 1706 1601 1032 1438 1170 1394 1515 1788 1321 1992 1550 1263 1205 1459 1495 1448 1752 1859 1673 1628 1179 1109 1650 1240 1169 1008 1414 1894 1813 1169 1676 1507 1667 1212 1662 1183 1863 1535 1189 1485 1007 1077 1764 BCNSPRNW ULIB Ver.6.0+V

เปลี่ยนเป็นภาษาไทย

Change to English
 แสดงรายละเอียดบรรณานุกรม
  กลับหน้าหลัก

Brief Record : Get Marc (ISO 2709) : E-mail record : QR code < ปิดหน้าต่าง
LEADER : 00000nas 2200000uu 4500
001    13399128279
003     ULIB
008    230516s||||||||th 000 0 tha d
022 0  9770125199972
245 00 บ้านและสวน (วิทยาเขตนครสวรรค์)
310    ^aรายเดือน
850 ^a ULIB:campus^bฉบับที่ 561 ฉ.1 ;ฉบับที่ 562 ฉ.1 ;ฉบับที่ 563 ฉ.1 ;ฉบับที่ 564 ฉ.1 ;ฉบับที่ 565 ฉ.1
945    ^p130^l0^i802580
945    ^p130^l0^i802584
945    ^p130^l0^i802589
945    ^p130^l0^i802598
945    ^p130^l0^i802602
999    ^aกัณชพร
รายการนี้ยังไม่มีแท็ก
คุณยังไม่ได้ล็อกอิน คุณสามารถมีกิจกรรมร่วมกับเว็บไซต์ได้ แต่ต้องล็อกอินก่อน ::
  ล็อกอิน

รายการสื่อสารสนเทศ (วารสาร)

ดูแบบ: กล่อง รายการ
ARRIVED
ฉบับที่ 561 ฉ.1
สถานที่: ห้องสมุดวิทยาเขตนครสวรรค์ >วารสาร
ARRIVED
ฉบับที่ 562 ฉ.1
สถานที่: ห้องสมุดวิทยาเขตนครสวรรค์ >วารสาร
ARRIVED
ฉบับที่ 563 ฉ.1
สถานที่: ห้องสมุดวิทยาเขตนครสวรรค์ >วารสาร
ARRIVED
ฉบับที่ 564 ฉ.1
สถานที่: ห้องสมุดวิทยาเขตนครสวรรค์ >วารสาร
ARRIVED
ฉบับที่ 565 ฉ.1
สถานที่: ห้องสมุดวิทยาเขตนครสวรรค์ >วารสาร

BibComment


ยังไม่เคยถูกคอมเมนท์

คอมเมนท์ทรัพยากรรายการนี้
  คอมเมนท์: บ้านและสวน วิทยาเ..


 Copyright 2026. Bcnsprnw @Library